000 01352cam a2200361 i 4500
001 41854
003 Mx-PuUPA
005 20251007094536.0
008 140415s1986 mx gr 000 0 spa d
020 _a9682313481
040 _cMx-PuUPA
_aMx-PuUPA
_bspa
_dMx-PuUPA
_erda
041 0 _aspa
043 _acl-----
245 0 0 _aDictaduras y dictadores /
_cpor Alain Rouquié, Waldo Ansaldi, Segio Guerra Vilaboy [y otros cinco] ; coordinado por Julio Labastida Martín del Campo
250 _aprimera edición
264 1 _aMéxico, D.F. :
_bSiglo Veintiuno Editores,
_c1986
300 _a239 páginas ;
_c21 cm
336 _2rdacontent
_atexto
_btxt
337 _2rdamedia
_asin medio
_bn
338 _2rdacarrier
_avolumen
_bnc
650 7 _913986
_2armarc
_aDictadores
_zAmérica Latina
650 7 _2armarc
_aHistoria de Iberoamérica
_ySiglo XIX
650 7 _2armarc
_aDictadura
_zAmérica Latina
650 7 _2armarc
_aHistoria de Iberoamérica
_ySiglo XX
700 1 _aRouquié, Alain,
_eautor
700 1 _aAnsaldi, Waldo,
_eautor
700 1 _aGuerra Vilaboy, Sergio,
_eautor
700 1 _aLabastida Martín del campo, Julio,
_eCoordinador
_915969
942 _2ddc
_cLI
_h321.90980904
_iD54
999 _c41854
_d41854